| Поле | Название | Значение |
| |
Тип записи |
a |
| |
Библиографический уровень |
m |
| 001 |
Контрольный номер |
dfdee442da3749d8bd3ba3f77fab1dd1 |
| 005 |
Дата корректировки |
20151207095020.1 |
| 010 |
Индекс ISBN |
__ |
| a |
ISBN |
978-5-394-01749-0 |
| 101 |
Язык документа |
0_ |
| a |
Язык текста |
rus |
| 102 |
Страна публикации |
__ |
| a |
Страна публикации |
RU |
| 200 |
Заглавие и сведения об ответственности |
1_ |
| a |
Заглавие |
Управление персоналом |
| e |
Сведения, относящиеся к заглавию |
учеб. пособие |
| b |
Общее обозначение материала |
Текст |
| f |
Первые сведения об ответственности |
под общ. ред. Г.И.Михайлиной |
| 205 |
Сведения об издании |
__ |
| a |
Основные сведения об издании |
3-е изд. |
| 210 |
Выходные данные |
1_ |
| d |
Дата издания |
2014 |
| c |
Издательство |
Дашков и К |
| a |
Место издания |
Москва |
| 215 |
Физическое описание |
__ |
| a |
Объем |
279, [1] с. |
| 610 |
Ключевые слова |
0_ |
| a |
Ключевые слова |
управление персоналом |
| 610 |
Ключевые слова |
0_ |
| a |
Ключевые слова |
человеческий капитал |
| 610 |
Ключевые слова |
0_ |
| a |
Ключевые слова |
трудовые ресурсы |
| 610 |
Ключевые слова |
0_ |
| a |
Ключевые слова |
рынок труда |
| 610 |
Ключевые слова |
0_ |
| a |
Ключевые слова |
трудовой коллектив |
| 610 |
Ключевые слова |
0_ |
| a |
Ключевые слова |
конфликты |
| 610 |
Ключевые слова |
0_ |
| a |
Ключевые слова |
кадры |
| 610 |
Ключевые слова |
0_ |
| a |
Ключевые слова |
рабочая сила |
| 610 |
Ключевые слова |
0_ |
| a |
Ключевые слова |
аттестация персонала |
| 610 |
Ключевые слова |
0_ |
| a |
Ключевые слова |
деловой этикет |
| 610 |
Ключевые слова |
0_ |
| a |
Ключевые слова |
корпоративная культура |
| 610 |
Ключевые слова |
0_ |
| a |
Ключевые слова |
организационная культура |
| 610 |
Ключевые слова |
0_ |
| a |
Ключевые слова |
мотивация персонала |
| 686 |
Индексы других классификаций |
__ |
| a |
Классификационный индекс |
65.050.9(2)2я73 |
| 2 |
Код системы |
rubbk |
| 701 |
Альтернативная интеллектуальная ответственность |
_1 |
| a |
Фамилия |
Михайлина |
| b |
Имя |
Г.И. |
| e |
Роль лиц |
Автор |
| 4 |
Код отношения |
070 |
| 701 |
Альтернативная интеллектуальная ответственность |
_1 |
| a |
Фамилия |
Матраева |
| b |
Имя |
Л.В. |
| e |
Роль лиц |
Автор |
| 4 |
Код отношения |
070 |
| 701 |
Альтернативная интеллектуальная ответственность |
_1 |
| a |
Фамилия |
Михайлин |
| b |
Имя |
Д.Л. |
| e |
Роль лиц |
Автор |
| 4 |
Код отношения |
070 |
| 701 |
Альтернативная интеллектуальная ответственность |
_1 |
| a |
Фамилия |
Беляк |
| b |
Имя |
А.В. |
| e |
Роль лиц |
Автор |
| 4 |
Код отношения |
070 |
| 702 |
Вторичная интеллектуальная ответственность |
_1 |
| a |
Фамилия |
Михайлина |
| b |
Имя |
Г.И. |
| 4 |
Код отношения |
340 |
| e |
Роль лиц |
Редактор |
| 801 |
Источник записи |
_0 |
| a |
Страна |
RU |
| b |
Организация |
РУК |
| c |
Дата составления |
20150723 |
| g |
Правила каталогизации |
PSBO |
| 801 |
Источник записи |
_1 |
| a |
Страна |
RU |
| b |
Организация |
РУК |
| c |
Дата составления |
20150723 |
| g |
Правила каталогизации |
PSBO |
| 852 |
Данные о местонахождении |
__ |
| i |
Авторский знак |
У 67 |
| j |
Шифр хранения |
ББК 65.050 |
| 901 |
Тип документа |
__ |
| t |
Тип документа |
m |
| 937 |
Технологическая информация |
__ |
| a |
Создатель записи (имя) |
Золотухина |
| 937 |
Технологическая информация |
__ |
| a |
Создатель записи (имя) |
Мясникова |
| 938 |
Служебная информация |
__ |
| a |
Название организации |
Головной вуз |
| 952 |
Тип литературы |
__ |
| b |
Гриф литературы для ВШ |
гриф УМО |
| c |
Вид литературы |
учебное пособие |